| 000 | 00365nam a2200145Ia 4500 | ||
|---|---|---|---|
| 100 | _aAggarwal/ D.D. | ||
| 650 | _aElectrical Engineering | ||
| 942 | _cBK | ||
| 654 | _aEnergy Conversion & Power Generation | ||
| 245 | _aEnergy Conversion & Power Generation | ||
| 260 |
_bJ.K.Jain Brothers _aBhopal _c1974 |
||
| 082 | _a621.3 | ||
| 300 | _a388 | ||
| 546 | _aENGLISH | ||
| 999 |
_c25213 _d25213 |
||